| 000 | 00834cam a22002532a 4500 | ||
|---|---|---|---|
| 001 | 27789 | ||
| 003 | BD-RjUL | ||
| 005 | 20211209051213.0 | ||
| 008 | 140327s1960 xx 001 0 eng d | ||
| 035 | _a(BD-RjUL)27868 | ||
| 040 |
_aAKR _cAKR _dBD-RjUL _beng |
||
| 041 | _aeng | ||
| 082 | 0 | 0 |
_a915.4 _bIND 1960 |
| 245 | 0 | 0 |
_aIndia, Pakistan, Ceylon / _cEdited by W. Norman Brown |
| 250 | _aRev. ed. | ||
| 260 |
_aPhiladelphia : _bUniversity of Pennsylvania Press, _cc1960. |
||
| 300 |
_a203 p. : _bill. ; _c31 cm. |
||
| 500 | _a"The separate chapters were written as a series of articles for the Encyclopedia Americana." | ||
| 504 | _aBibliography: p. [193]-197 | ||
| 504 | _aIncludes index. | ||
| 651 | 0 |
_aSouth Asia _xCivilization. _971075 |
|
| 700 | 1 |
_aBrown, W. Norman, _d1892-1975. _q(William Norman) _985308 |
|
| 942 |
_2ddc _cBK |
||
| 999 |
_c27789 _d27789 |
||